000 00606nam a2200181 a 4500
008 120416s1992 ||||||||||||||||| || u
020 _a0521423554
050 _aQR 56 Pos
100 _aPostgate, John
245 1 0 _aMicrobes and man
250 _a3rd ed.
260 _aCambridge
_bCambridge University Press
_c1992
300 _axi, 297p. : ill.
350 _a0.00
650 0 _aBIOLOGY
650 _aMICROBIOLOGY, MICROBES--MAN
995 _D0.00
_FCBU-MAIN LIBRARY (Kitwe)
_H1
_I23.00
_M3
_UAVAILABLE
_WMar 22, 2007
_ZMain Library Open Access Collection
999 _c51091
_d51091